[Event "EU-ch 4th"]
[Site "Istanbul"]
[Date "2003.06.11"]
[Round "11"]
[White "David, Alberto"]
[Black "Palo, Davor"]
[Result "1-0"]
[WhiteElo "2548"]
[BlackElo "2483"]
[Annotator "Gershon,A"]
[PlyCount "108"]
[EventDate "2003.05.30"]
[EventType "swiss"]
[EventRounds "13"]
[EventCountry "TUR"]
[SourceTitle "CBM 096"]
[Source "ChessBase"]
[SourceDate "2003.09.25"]
[SourceVersion "1"]
[SourceVersionDate "2003.09.25"]
[SourceQuality "1"]

1. d4 Nf6 2. c4 e6 3. Nf3 b6 4. g3 Ba6 5. b3 Bb4+ 6. Bd2 Be7 7. Bg2 c6 8. Bc3
d5 9. Nbd2 Nbd7 10. O-O O-O 11. Re1 Qc7 $6 {A waste of time. Black much create
counterplay in the center before white pushes e2-e4.} (11... c5 {Is the most
promissing continuation here.} 12. e4 dxe4 13. Nxe4 (13. Ng5 cxd4 14. Bxd4 Bb7
15. Ndxe4 Nxe4 16. Nxe4 Qc7 $11 {Radjabov - Leko, Bled (ol), 2002}) 13... Nxe4
(13... Bb7 {was also tried.}) 14. Rxe4 Bb7 15. Re1 Bf6 {and black had no
problems in Radjabov-J.Polgar, Wijk Aan Zee, 2003}) 12. e4 dxe4 13. Nxe4 Rad8
14. Qc2 Bb7 $6 {Black is preparing to play c5 on his next move, but....} ({
is was blacks's last chance to play} 14... c5 15. dxc5 $1 (15. Nfg5 Nxe4 16.
Nxe4 cxd4 17. Bxd4 Bb7 {and black is alright}) 15... bxc5 (15... Nxe4 16. cxb6
$16) (15... Nxc5 16. Nxf6+ Bxf6 17. Bxf6 gxf6 18. Rad1 $16) 16. Rad1 $14) 15.
Nxf6+ $1 {A beginning of a very strong plan, preventing black from opening
diagonals for his bishops.} Nxf6 16. c5 $1 {The point of white's last move.
Looks like white is weakenning the 'd5' square, but his spatial advantage is
much more important in this case.} Nd5 ({of course, the pawn is untouchable:} 
16... bxc5 $2 {no need to open extra lines for the white pieces.} 17. dxc5 Bxc5
$4 18. Bxf6 $18) 17. b4 Bf6 {Black has found a reasonable setup for his pieces,
but lack of space for movement is beginning to tell very soon.} 18. h4 $1 $16 {
Gaining more space, and creating additional possibilities: g4-g5, Ng5 etc.} Ba6
(18... Rd7 {would eventually transpose into the game, as black has no real
plan, but wait.}) 19. Bd2 h6 $2 {Black should try to refrain from moving pawns
on the king side. Now white will have a very strong option of g4-g5,
destroying black's king shelter.} (19... Rd7 20. Ng5 (20. Re4 Rfd8 {looks much
better for black, than with a pawn on h6.}) 20... g6) 20. Re4 Rd7 21. Rae1 Ne7
22. g4 $1 {[%cal Gg4g5]} Rfd8 (22... bxc5 23. bxc5 Rfd8 24. Bf4 Qa5 25. Bd6 {
Is not much different from the game.}) 23. Bf4 Qb7 24. Bd6 {black is
completely paralized.} Ng6 ({black cannot even sacrifice an exchange to get
air for his pieces:} 24... Rxd6 25. cxd6 Nd5 26. g5 $18 {[%csl Rf6]}) 25. g5
hxg5 26. hxg5 {More space.} Be7 27. Bg3 {Of course, white doesn't want to
allow any exchange of material, there's too much of a difference between the
value of white and black pieces.} bxc5 {Normally, opening additional lines is
in favor of the side with the space advantage . However, it's hard to
criticize this move, for the tricky rules of chess require one to make a move
when his turn comes, in this case, black ran out of them a long time ago.} (
27... Nf8 {Would have prolonged black's misery for a few moves}) 28. bxc5 Nf8
29. Rb1 $1 ({less convincing is:} 29. Ne5 Rxd4 $1 30. Nxc6 Rd2 31. Qa4 Bxc5 32.
Nxd8 Qb6 $18 {[%csl Rf2] and although lost, black is getting practical chances.
}) 29... Qa8 30. Ne5 $18 Rd5 (30... Rxd4 {is impossible now} 31. Rxd4 Rxd4 32.
Nxc6 {[%csl Ra8][%cal Gb1b8,Gc6e7,Gc6d4]}) 31. Rg4 {winning an exchange
without changing the essence of the position.} Qc8 32. Bxd5 exd5 33. Re1 $1 {
Preventing Ng6 - black still cannot move.} (33. Rb3) 33... Re8 (33... Ng6 34.
Nxg6 fxg6 35. Rxe7 Qxg4 36. Qxg6 Qxd4 37. Qf7+ $1 Kh8 38. Qh5+ {[%csl Rd1]
[%cal Gh5d1]} Kg8 39. Be5 $18) 34. Re3 Bd8 (34... Ng6 35. Nxg6 fxg6 (35... Qxg4
36. Nxe7+ Kh8 37. Ng6+ $18) 36. Qxg6 {[%csl Re8]}) 35. Qd1 {[%cal Gd1g4]} f5 {
desparation} (35... Bc7 $142 36. Qf3 Bxe5 37. Bxe5 Ng6 38. Rg3 $18) 36. gxf6
Bxf6 37. Qf3 Re6 38. Bf4 Qe8 39. Ra3 $1 {Entering the "garbage time" phase.}
Bc8 40. Rxa7 Re7 41. Rxe7 Qxe7 42. Rg3 Qe8 43. Bh6 Kh8 (43... Bxe5 44. dxe5 Ne6
45. Qf6 Qf8 46. Qg6 $18 (46. Bxg7 Nxg7 47. Qxc6 {is also winning, but is
giving black more chances.})) 44. Qh1 Kg8 (44... gxh6 45. Qxh6+ Nh7 46. Ng6+
Kg8 47. Nf8+ Kf7 48. Qxh7+ {mating}) 45. Bf4 Bf5 46. Qh6 Qe6 47. Qh2 {both
players were apparently in time trouble, so white is accumulating some time,
before forcing a victory.} (47. a4 {would be painful showing how hopeless
black position really is.}) 47... Nd7 48. Qh5 Nf8 49. Re3 Be4 50. f3 Bf5 51.
Bg5 g6 52. Qh6 Bg7 53. Qh4 Qc8 54. Bh6 Ne6 {seems that black simply got tired
of this position.} (54... Ne6 55. Bxg7 Nxg7 56. Qf6 Qb8 57. Qf7+ Kh7 58. Rb3
$18) 1-0

[Event "FIDE World Cup 3-4"]
[Site "Khanty-Mansiysk"]
[Date "2005.12.17"]
[Round "7.3"]
[White "Bacrot, Etienne"]
[Black "Grischuk, Alexander"]
[Result "1-0"]
[WhiteElo "2725"]
[BlackElo "2720"]
[Annotator "Gofshtein,L"]
[PlyCount "67"]
[EventDate "2005.11.27"]
[EventType "k.o."]
[EventRounds "7"]
[EventCountry "RUS"]
[SourceTitle "CBM 111"]
[Source "ChessBase"]
[SourceDate "2006.04.04"]
[SourceVersion "1"]
[SourceVersionDate "2006.04.04"]
[SourceQuality "1"]

1. d4 Nf6 2. c4 e6 3. Nf3 b6 4. g3 Ba6 5. b3 Bb4+ 6. Bd2 Be7 7. Bg2 c6 8. Bc3
d5 9. Ne5 O-O 10. Nd2 Bb7 {This line is less investigated than 10...Nfd7, Leko
played it against Topalov in San Luis and easily achieved equality} (10... Nfd7
{is another possible move, with plenty of theory}) 11. O-O Na6 {The idea of
this move is to wait for an exchange in the centre, and after c4xd5 e6xd5 the
knight goes to e6 where it's placed very well, the other possibility is 11...
Nbd7} (11... Nbd7 12. e4 a5 13. Re1 Nxe5 14. dxe5 Nxe4 15. Nxe4 dxe4 16. Bxe4
Qxd1 17. Rexd1 Rfd8 18. Kf1 Rxd1+ 19. Rxd1 Rd8 20. Rxd8+ Bxd8 $11 {with an
equal position, though White's play in this game could possibly be improved, 1/
2-1/2 Iljushin,A-Epishin,V/Maikop 1998/CBM 066/[Avrukh,B] (34)}) 12. e4 Rc8 {
[%cal Gc8c7,Gd8a8] Black is very solid in the centre.} (12... c5 {is another
possible move, it seems that Black can reach equality, here are some games by
Karpov with Black.} 13. exd5 exd5 14. Re1 (14. Ng4 Qd7 15. Ne5 Qc8 16. Re1 dxc4
17. Ndxc4 Bxg2 18. Kxg2 cxd4 19. Bxd4 Rd8 {and Black seizes the initiative
Torre,E-Karpov,An/Tilburg/1982/0-1 (57)}) 14... cxd4 15. Bxd4 Nc5 16. Ng4 dxc4
17. Nxc4 Bxg2 18. Kxg2 Nxg4 19. Qxg4 Bf6 20. Rad1 h5 (20... Bxd4 {is worse, as
after} 21. Rxd4 Qc7 22. Nd6 Ne6 $2 23. Rxe6 h5 24. Qe4 fxe6 25. Qxe6+ {White
got a very strong attack 1/2-1/2 Kasparov,G-Karpov,A/Moscow 1984/MainBase (35)}
) 21. Bxf6 hxg4 22. Bxd8 Raxd8 {with an equal endgame 1/2-1/2 Kamsky,G-Karpov,
A/Elista 1996/CBM 054/[Ftacnik] (80)}) 13. Re1 Rc7 14. Nd3 (14. a3 c5 15. dxc5
Nxc5 16. exd5 exd5 17. b4 Ne6 18. Bb2 dxc4 19. Bxb7 c3 20. Bxc3 Rxc3 {and
Black is fine 1/2-1/2 Chernin,A-Georgiev,K/Villarrobledo 1997/EXT 99 (58)})
14... dxe4 15. Nxe4 c5 16. d5 $5 $146 {An interesting novelty, in San Luis,
Topalov couldn't reach an advantage after 16.Nxf6 against Leko, and the game
quickly ended in a draw.} (16. Nxf6+ Bxf6 17. Bxb7 Rxb7 18. Ne5 Bxe5 19. dxe5
Rd7 20. Qe2 Qc7 21. Rad1 Rfd8 22. Rxd7 Qxd7 23. Qe4 Nb8 24. Kg2 {1/2-1/2
Topalov,V-Leko,P/San Luis ARG 2005/The Week in Chess 570 (24)}) 16... exd5 17.
Nxf6+ Bxf6 18. Bxf6 Qxf6 19. cxd5 {Now Black should play very precisely.} g6 {
Black opens way for the king, other moves were probably not as good.} (19...
Rd7 $6 20. Qg4 Rdd8 ({of course not} 20... Rfd8 $4 21. Qxd7 $18) 21. Ne5 Rfe8
22. Nc6 Bxc6 23. dxc6 {and with the strong pawn on c6 which is supported by
the bishop, White is clearly better.}) ({After the natural} 19... Rd8 $2 {
White has a surprising tactical resource.} 20. d6 $1 {with the idea after} Qxd6
$2 (20... Rcd7 21. Qe2 {[%cal Ge2e8,Ge2a6]} Qxd6 22. Ne5 Re7 23. Rad1 Qc7 24.
Rxd8+ Qxd8 25. Bxb7 Rxb7 26. Qxa6 {and White is winning.}) 21. Bxb7 Rxb7 {
to play} 22. Nxc5 $1 {and Black loses} Qc7 23. Qxd8+ Qxd8 24. Nxb7 Qb8 25. Rad1
$18) (19... Nb4 20. Nxb4 cxb4 {[%cal Gf6d6] White gets an advantage with an
active} 21. d6 $1 Rd7 22. Bxb7 Rxb7 23. Qd5 Rd7 24. Rad1 Rfd8 25. Re7 $1 {
with a clear edge for White.}) (19... Qd6 20. Ne5 {[%cal Ge5c4]} Re7 21. Nc4
Rxe1+ 22. Qxe1 Qd7 23. Rd1 {with a small edge for White.}) 20. Qg4 Rd8 21. Rad1
h5 $2 {A big mistake, which allows White to get a great advantage.} (21... Re7
{It seems important not to let White play Ne5, white is only slightly better
here, and Black can hope to equalise the game soon.} 22. Rxe7 Qxe7 23. Nf4 Qd6
{followed by Nc7 or Nb4}) 22. Qa4 $1 {now White has a strong pressure on the
queenside, first of all, he threatens d5-d6.} Rd6 $6 {doesn't help to stop the
pawn} (22... Re7 {is not better} 23. d6 $1 {a strong move, White harasses the
knight on a6.} Rxe1+ (23... Qxd6 24. Bxb7 Rxe1+ 25. Rxe1 {winning}) 24. Nxe1
Bxg2 25. Nxg2 Nb8 26. Qxa7 Nc6 27. Qxb6 Rxd6 28. Ne3 Rxd1+ 29. Nxd1 {with a
healthy extra pawn for White.}) (22... Rcd7 {perhaps this was Black's last
chance.} 23. Ne5 Re7 24. Nc4 Rxe1+ 25. Rxe1 Nb4 26. Re8+ Rxe8 (26... Kg7 27.
Rxd8 Qxd8 28. Qxa7 Bxd5 29. Qxb6 Qxb6 30. Nxb6 Be6 31. a3 Nc2 32. a4 Bxb3 33.
a5 Nb4 34. Bb7 {and White should win in the endgame.}) 27. Qxe8+ Kg7 28. d6 Nd3
29. Qe3 Bxg2 30. Kxg2 Qf5 {White is clearly better, but Black is in the game
yet.}) 23. Ne5 {[%cal Ge5c4] The knight is transfered to c4, and d5-d6 follows,
White's edge is almost decisive already.} Rc8 $6 (23... Nb4 {was probably more
stubborn} 24. Nc4 Rxd5 25. Bxd5 Bxd5 {[%cal Gf6f3]} 26. Qe8+ Kg7 27. f4 {
and White has the material advantage, although some accurate work is still
required.}) (23... Re7 24. Nc4 Rxe1+ 25. Rxe1 Rd8 26. d6 Bxg2 27. Kxg2 Nb4 28.
Re8+ Rxe8 29. Qxe8+ Kg7 30. d7 {with a decisive advantage.}) 24. Nc4 Rdd8 25.
d6 $1 {now the black queenside collapses.} Bxg2 26. Kxg2 Nb4 27. Qxa7 Nc2 {
Black wishes to establish the knight on d4.} (27... b5 28. Qe7 Kg7 29. d7 Ra8 (
29... Qxe7 30. Rxe7 Rc7 31. Ne5 $18 {[%cal Ge7f7]}) 30. Nd6 {[%cal Gd6e8]} Qxe7
31. Rxe7 {winning}) 28. Re4 Nd4 29. Rd3 {covering the square f3} (29. Rf4 {
was stronger} Qe6 30. Qxb6 Qd5+ 31. f3 {with two pawns up}) 29... Qf5 30. Qe7 {
(??) An unbelievable mistake! White blunders a whole rook, and Black doesn't
take advantage of it. There is also a possibility that the scoresheet is wrong,
since it's hard to believe that two such strong players as Grischuk and Bacrot,
missed this idea} Kh7 {(??)} (30... Nc6 31. Qh4 g5 $19 {winning the rook on e4,
clinched it for black}) 31. Rf4 Qd5+ 32. f3 {now it is over} Re8 (32... Kg7 33.
Nxb6 $18) 33. Rxf7+ Kg8 34. Rg7+ {A very strong game by White.} 1-0

[Event "Corus"]
[Site "Wijk aan Zee"]
[Date "2006.01.20"]
[Round "6"]
[White "Mamedyarov, Shakhriyar"]
[Black "Gelfand, Boris"]
[Result "1/2-1/2"]
[WhiteElo "2709"]
[BlackElo "2723"]
[Annotator "Gofshtein,L"]
[PlyCount "70"]
[EventDate "2006.01.14"]
[EventType "tourn"]
[EventRounds "13"]
[EventCountry "NED"]
[EventCategory "19"]
[SourceTitle "CBM 111"]
[Source "ChessBase"]
[SourceDate "2006.04.04"]
[SourceVersion "1"]
[SourceVersionDate "2006.04.04"]
[SourceQuality "1"]

1. d4 Nf6 2. c4 e6 3. Nf3 b6 4. g3 Ba6 5. Qc2 {This is not the most popular
move, the main line is 5.b3.} (5. b3) 5... c5 {A natural response, black
attacks the white centre, using the fact that the white queen doesn't support
the d-pawn anymore.} 6. d5 {A rare move, connected with a pawn sacrifice, the
usual move is 6.Bg2 after which the next lines are possible:} (6. Bg2 Nc6 (6...
Bb7 7. O-O cxd4 8. Nxd4 Bxg2 9. Kxg2 Qc8 10. b3 Be7 11. Bb2 O-O 12. Nd2 Qb7+
13. Kg1 Rc8 14. Rac1 a6 {with a typical hedgehog structure, the position is
about equal 1/2-1/2 Mrkonjic,N-Farago,I/Bizovac 2002/CBM 86 ext (72)}) 7. dxc5
Bxc5 8. a3 (8. O-O Rc8 9. Qa4 Bb7 10. Nc3 O-O 11. Bf4 Be7 12. Rfd1 Na5 {
with good counterplay 0-1 Sjoberg,M-Psakhis,L/Vienna 1990/CBM 21 (17)}) 8...
Rc8 (8... Be7 9. O-O Rc8 10. Rd1 O-O 11. b3 Na5 {preparing b6-b5 or d7-d5 with
counterplay 0-1 Kock,H-Almasi,Z/Balatonbereny 1993/EXT 97 (28)}) 9. Qa4 Bb7 10.
O-O O-O 11. Nc3 Be7 12. Bg5 (12. b4 a5 13. b5 Nb8 {followed by d7-d6 Nb8-d7
with a complicated position 1-0 Ardiansyah,H-Adorjan,A/Indonesia 1983/MCD (57)}
) 12... Na5 13. Nd2 Bxg2 14. Kxg2 Qc7 {with mutual chances 1/2-1/2 Skembris,
S-Nikolic,P/Dubai (ol) 1986/Inf 42/(54)}) 6... exd5 7. cxd5 Bb7 {now White
can't defend the pawn on d5, but he hopes to get compensation, because of his
better development, and his space advantage.} 8. e4 Qe7 $1 {inning the pawn.}
9. Bd3 {White tries to leave the queens on board, and develops the bishop to
d3, previously 9.Bg2 was mostly tried, when Black has an extra pawn in the
endgame, and a fine position.} (9. Bg2 Qxe4+ (9... Bxd5 10. O-O Bxe4 11. Qa4 $1
{it is important to stop d7-d5} Bc6 12. Qd1 {followed by Re1, with a strong
attack}) 10. Qxe4+ Nxe4 11. O-O Be7 (11... Nd6 $6 {is worse, White gets strong
positional compensation.} 12. Re1+ Kd8 13. Bf4 f6 14. Nc3 Na6 15. Rad1 Nc7 16.
Nd2 Nce8 17. Nde4 {with initiative 1/2-1/2 Crawley,G-Dizdarevic,E/Belgrade
1988/TD (53)}) 12. Re1 f5 $1 13. Nc3 Nxc3 (13... O-O $6 14. Nd2 Na6 15. Ndxe4
fxe4 16. Bf4 Bf6 17. Bxe4 {with a small plus for white 1-0 Vaganian,R-Razuvaev,
Y/Vilnius 1980/URS-ch (67)}) 14. bxc3 Bxd5 {is stronger, White has some
initiative but Black has nothing to worry about, for example} 15. Bg5 (15. Nh4
Bxg2 16. Nxf5 Nc6) 15... Nc6 16. Nh4 Bxg2 17. Nxf5 Bh3 18. Nxe7 Nxe7 19. Rxe7+
Kf8 {[%cal Gh3e6]}) 9... Nxd5 {[%cal Gd5b4]} 10. a3 {White prevents Nd5-b4.}
Nc6 (10... Nf6 {trying to win another pawn is suicidal, as Black opens lines
on his king, here is how White can continue:} 11. O-O $1 Nxe4 (11... Bxe4 $6
12. Re1 d5 13. Nc3 {and Black collapses in the centre.}) 12. Re1 d5 13. Nc3 f5
{it seems that Black is solid, but White has too many targets to attack, for
example:} 14. Bb5+ Nd7 15. Nh4 g6 16. f3 {and Black loses a piece.}) 11. O-O
Nc7 12. Nc3 {Black has an extra pawn, but it is difficult for him to finish
the development, and his king doesn't seem to be secure on any side.} Ne6 {
The purpose of this move is to prevent the white bishop to come to f4 or g5,
and Black also plans to establish one of his knights on d4.} 13. Be3 {taking
d4 under control} Qd8 $1 {A logical move, Black prepares a short castle, as
castling to the queenside was very risky.} (13... O-O-O $6 14. Nd5 Qe8 15. b4 {
is very dangerous for Black.}) 14. Rad1 Be7 15. Bc4 {White doesn't hurry and
simply improves the position of his pieces.} (15. e5 $6 {is logical, to
prevent the castle, and also free the square on e4 for the knight but runs
into a refutation:} Ncd4 $1 16. Bxd4 Bxf3 {and White loses another exchange})
15... O-O 16. e5 Ncd4 {black gives his extra pawn back, but opens way for his
pieces and minimizes White's pressure. Also he plans to control the a8-h1
diagonal and create threats on the white king.} (16... Na5 {is met with} 17.
Bd5 Bxd5 18. Rxd5 Qc7 19. Rfd1 Rad8 20. Ne4 {with some pressure for White.})
17. Nxd4 cxd4 18. Bxd4 Qc8 $1 {planning to bring the queen to the a8-h1
diagonal, Black has good counterplay.} (18... Rc8 $2 19. Qe2 $1 {A strong move,
White wants to keep the bishop on c4, from where it stops the advance of the
black d and f pawns, and can go to d5.} (19. Be2 Ng5 20. f3 f6 {with
counterplay}) 19... Ng5 (19... d5 20. exd6 Nxd4 21. Rxd4 Bf6 22. Rd2 $16 {
with a strong passed pawn}) 20. Bd5 $1 $16) (18... Ng5 $6 {is strongly met by}
19. Bd5 $1 Nf3+ 20. Kg2 Nxd4 21. Rxd4 Bxd5+ 22. Nxd5 {with advantage for White.
}) 19. Qe2 d6 $1 {Another good move, Black gets rid of his d-pawn and reaches
a good position.} 20. exd6 (20. Nd5 $6 Re8 21. Nxe7+ Rxe7 {and White has
problems on the e-file.}) 20... Bxd6 {Now both players had to calculate 21.
Bxg7, the analysis shows that this move probably led to a draw} 21. Bxe6 (21.
Bxg7 Ng5 {leads by force to an ending} (21... Re8 {A cunning move, Black has a
lot of threats, White defends only with} 22. Ne4 Bxe4 23. Bf6 $1 {very nice,
White wins a piece back.} Bg6 24. Rxd6 Nf4 25. Qd2 (25. Qxe8+ Qxe8 26. gxf4 {
is also interesting for White.}) 25... Qxc4 26. Qxf4 Qxf4 27. gxf4 {and White
has the edge.}) 22. Bd5 Kxg7 23. Bxb7 Qxb7 24. Qg4 Be7 25. Rd7 Qf3 26. Qxf3
Nxf3+ 27. Kg2 Bxa3 28. bxa3 Ne5 29. Rb7 Rfb8 {is equal}) 21... fxe6 {Although
Black's pawn structure is somewhat weakened, he has the bishop's pair and
prospects of attack.} 22. Ne4 Qc6 {[%cal Gc6h1]} 23. Rfe1 {White has to play
accurately already, Black's initiative shouldn't be underestimated.} e5 24.
Bxb6 $1 {The only move} (24. Bc3 $2 {loses to} Bc5 $1 {[%csl Gb7,Gc5] and
Black wins since f2 is indefensible.}) 24... Bxa3 $1 25. bxa3 (25. Bc5 Bxc5 26.
Qc4+ Kh8 27. Qxc5 Qg6 {is a little better for Black, as his bishop is very
strong.}) 25... axb6 26. Qb2 Ra4 {it seems that Black has the upper hand, but
White finds a nice way to bring the game to a draw.} 27. f3 $1 (27. Rd6 $4 {
loses to} Rxe4 $1 28. Rxc6 Rxe1+ 29. Kg2 Bxc6+ {and black wins}) 27... Rxf3 {
Black reconciles himself to a draw, anyway, he doesn't have anything better as
White is solid and his knight in the centre saves him from all the possible
troubles.} 28. Rd8+ Rf8 29. Rxf8+ (29. Qb3+ $2 Rc4 {and White is on the
defensive again.}) 29... Kxf8 30. Rf1+ Kg8 31. Qf2 $1 ({Again} 31. Qb3+ {
is refuted by} Rc4 $1) 31... h6 32. Qf8+ Kh7 33. Qf5+ {the pointe is that 33...
Qg6 refuted by 34.Nf6!} Kh8 (33... Qg6 $4 34. Nf6+ gxf6 35. Qd7+ Qg7 36. Qxa4 {
with great advantage for white}) 34. Qf8+ Kh7 35. Qf5+ Kh8 1/2-1/2